00908nacaa22001817u 450000500170000000800410001704100080005811001220006624501230018824600230031126000090033430000290034350001190037265000230049194200070051499900170052195201880053820260518060744.0260518s1944 Pk |gggg||oooo 0 eeeengdd dd heng aGovernment of East Bengal,bDepartment: AppointmentcBranch: Constitution & Elections,dList No. 115,eB-Proceedings aBye-election in Dacca South East Muhammadan Constituency of the B.L.C. Vice Khan Bahadur Kazi Abdur Rashid, deceased.  aFile No. 4E-5/44 c1944 a53 p; cH-35 cm; W-22 cm aসচিবালয় রেকর্ডরুম সংগ্রহ (প্রথম পর্যায়)  aelection x Dacca  cFL c73533d73533 00104071aNABbNABcDISPLAYd2026-05-18eSecretariat Records Room Collection (1st Phase)l0oRack No. 08, Bundle No. 25; SI No. 1624p73533r2026-05-18 06:08:18t1w2026-05-18yFL